[Event "9th Banco di Roma"]
[Site "Rome ITA"]
[Date "1985.02.??"]
[Round "1"]
[White "Andersson, Ulf"]
[Black "Tatai, Stefano"]
[Result "1/2-1/2"]
[WhiteElo "2575"]
[BlackElo "2475"]
[EventDate "1985.02.16"]
[PlyCount "123"]

1.Nf3 d5 2.d4 Nf6 3.c4 e6 4.g3 Bb4+ 5.Bd2 Be7 6.Bg2 O-O 7.O-O c6 8.Qc2 b6 
9.Bf4 Bb7 10.Nbd2 Nbd7 11.e4 dxe4 12.Nxe4 Nxe4 13.Qxe4 Nf6 14.Qe2 c5 15.
Rad1 cxd4 16.Nxd4 Qc8 17.b3 Bxg2 18.Kxg2 Qb7+ 19.Qf3 Qxf3+ 20.Kxf3 Rfc8 
21.g4 a6 22.g5 Ne8 23.h4 Kf8 24.Rd3 Rc5 25.Nc2 b5 26.Ne3 f6 27.gxf6 Nxf6 
28.Bg3 bxc4 29.Nxc4 Rf5+ 30.Kg2 Nd5 31.Rd4 Kg8 32.Ne3 Nxe3+ 33.fxe3 Bc5 
34.Re4 Rd8 35.Rxf5 exf5 36.Re5 Bb4 37.Rxf5 Rd3 38.Kf3 Rd2 39.a3 Bxa3 40.
Ra5 Bd6 41.Be1 Rd3 42.b4 Rb3 43.Ra4 Be7 44.Ke2 h5 45.Kf3 g5 46.hxg5 Bxg5 
47.Bd2 Rd3 48.Rxa6 Rxd2 49.Rg6+ Kf7 50.Rxg5 Rb2 51.Rf5+ Ke6 52.Rf4 Ke5 53.
Rc4 Rb3 54.Rh4 Kd6 55.Re4 Kd5 56.Kf4 h4 57.Kf5 h3 58.Re6 Rxb4 59.e4+ Kd4 
60.Rd6+ Ke3 61.Rh6 Rxe4 62.Rxh3+ 1/2-1/2

[Event "9th Banco di Roma"]
[Site "Rome ITA"]
[Date "1985.02.??"]
[Round "1"]
[White "Bellon Lopez, Juan Manuel"]
[Black "Cebalo, Miso"]
[Result "0-1"]
[WhiteElo "2445"]
[BlackElo "2485"]
[EventDate "1985.02.16"]
[PlyCount "68"]

1.d4 Nf6 2.Nf3 e6 3.c4 Bb4+ 4.Nbd2 b6 5.a3 Bxd2+ 6.Bxd2 Bb7 7.e3 d6 8.Bd3 
Ne4 9.O-O Nd7 10.Be1 O-O 11.Nd2 f5 12.f3 Ng5 13.Qc2 Qf6 14.f4 Nf7 15.e4 
Qg6 16.Rf3 Nh6 17.h3 Rae8 18.Bf2 Nf6 19.exf5 exf5 20.Rg3 Qf7 21.Bxf5 Nxf5 
22.Qxf5 Re2 23.Qd3 Rxf2 24.Kxf2 Nh5 25.Rf3 Nxf4 26.Qc3 Qg6 27.Rg1 Nd3+ 28.
Ke2 Bxf3+ 29.Nxf3 Re8+ 30.Kd2 Nf4 31.Re1 Qxg2+ 32.Kd1 Rxe1+ 33.Nxe1 Qe2+ 
34.Kc1 Qxe1+ 0-1

[Event "9th Banco di Roma"]
[Site "Rome ITA"]
[Date "1985.02.??"]
[Round "1"]
[White "Sax, Gyula"]
[Black "Gross, Stefan"]
[Result "1-0"]
[WhiteElo "2565"]
[BlackElo "2435"]
[EventDate "1985.02.16"]
[PlyCount "55"]

1.e4 c5 2.Nf3 d6 3.d4 cxd4 4.Nxd4 Nf6 5.Nc3 e6 6.g4 Nc6 7.g5 Nd7 8.Be3 Nb6
9.Qe2 e5 10.Nb3 Be6 11.O-O-O Be7 12.h4 O-O 13.f4 exf4 14.Bxf4 Qc8 15.Qh2 
Ne5 16.Bxe5 dxe5 17.Qxe5 f6 18.Qb5 fxg5 19.hxg5 Nc4 20.g6 h6 21.Nd5 Bg5+ 
22.Kb1 Ne5 23.Nd4 Rf2 24.Ne7+ Bxe7 25.Qxe5 Bg4 26.Qxe7 Bxd1 27.Bd3 h5 28.
Ne6 1-0

[Event "9th Banco di Roma"]
[Site "Rome ITA"]
[Date "1985.02.??"]
[Round "1"]
[White "Yap, Andronico"]
[WhiteElo "2400"]
[Black "Vera Gonzalez, Reynaldo"]
[Result "0-1"]
[BlackElo "2480"]
[EventDate "1985.02.16"]
[PlyCount "76"]

1.e4 c5 2.c3 Nf6 3.e5 Nd5 4.d4 cxd4 5.Nf3 d6 6.cxd4 Nc6 7.a3 Bg4 8.Bc4 e6 
9.Bxd5 exd5 10.O-O Be7 11.Qb3 Bxf3 12.Qxf3 dxe5 13.dxe5 Nxe5 14.Qg3 Ng6 
15.f4 Bf6 16.Nc3 O-O 17.f5 Ne7 18.Kh1 Qb6 19.Bg5 Bxg5 20.Qxg5 f6 21.Qg3 d4
22.Rae1 Rae8 23.Ne4 Nd5 24.Qd3 Ne3 25.Rf2 Re5 26.Rc1 Rfe8 27.Ng3 Ng4 28.
Rff1 Qxb2 29.Qc4+ Kh8 30.Qf7 Ne3 31.Rg1 Qxa3 32.Qxb7 Ng4 33.Qf3 Qxf3 34.
gxf3 Nf2+ 35.Kg2 Nd3 36.Rc7 Nf4+ 37.Kh1 R5e7 38.Rgc1 Rxc7 0-1

[Event "9th Banco di Roma"]
[Site "Rome ITA"]
[Date "1985.02.??"]
[Round "2"]
[White "Gross, Stefan"]
[Black "Cebalo, Miso"]
[Result "0-1"]
[WhiteElo "2435"]
[BlackElo "2485"]
[EventDate "1985.02.16"]
[PlyCount "56"]

1.e4 c5 2.Nf3 d6 3.d4 cxd4 4.Nxd4 Nf6 5.Nc3 e6 6.f4 Nc6 7.Be3 Bd7 8.Nb3 
Be7 9.Be2 O-O 10.g4 a5 11.g5 Ne8 12.Qd2 a4 13.Nd4 a3 14.bxa3 Nxd4 15.Bxd4 
Rxa3 16.Rb1 Bc6 17.O-O Nc7 18.Qc1 Qa8 19.Qb2 e5 20.fxe5 Ne6 21.exd6 Bxd6 
22.Nd5 Rxa2 23.Qc3 Bxd5 24.exd5 Nxd4 25.Qxd4 Rxc2 26.Qe4 Rd2 27.Qf3 Qe8 
28.Rbe1 Qe5 0-1

[Event "9th Banco di Roma"]
[Site "Rome ITA"]
[Date "1985.02.??"]
[Round "2"]
[White "Inkiov, Ventzislav"]
[Black "Yap, Andronico"]
[BlackElo "2400"]
[Result "1/2-1/2"]
[WhiteElo "2480"]
[EventDate "1985.02.16"]
[PlyCount "125"]

1.Nf3 Nf6 2.c4 d6 3.d4 Nbd7 4.Nc3 e5 5.e4 c6 6.Be2 Be7 7.O-O Qc7 8.Re1 O-O
9.Bf1 Re8 10.b3 Nf8 11.h3 Ng6 12.Be3 h6 13.Qd2 Bd7 14.Rad1 Rad8 15.Qc2 
exd4 16.Nxd4 Bc8 17.g3 Nh7 18.f4 h5 19.Qf2 Nf6 20.Bg2 Bf8 21.Nde2 b6 22.
Nd4 Bb7 23.Nf5 Qc8 24.Bd4 Nh7 25.Qb2 c5 26.Bf2 Nf6 27.Nd5 Nxd5 28.cxd5 Nh8
29.Nh4 Be7 30.Nf3 Ng6 31.h4 Qc7 32.Qe2 Nf8 33.Ng5 g6 34.g4 hxg4 35.Qxg4 
Bc8 36.Qg3 Bf6 37.h5 Qe7 38.Nf3 Bg7 39.hxg6 fxg6 40.e5 dxe5 41.fxe5 Bb7 
42.d6 Qd7 43.Rd3 Ne6 44.Bh3 Qc6 45.Kh2 c4 46.Rde3 cxb3 47.axb3 Qd5 48.Nh4 
g5 49.Nf5 Rd7 50.Ne7+ Rdxe7 51.dxe7 Rxe7 52.Rd3 Qb5 53.Rd6 Nf8 54.e6 Qa5 
55.Rd7 Bf6 56.Rd8 Kg7 57.Kg1 Ng6 58.Bg2 Bxg2 59.Qxg2 Qf5 60.Qe4 Qxe4 61.
Rxe4 Ne5 62.Ra8 Kg6 63.Ra4 1/2-1/2

[Event "9th Banco di Roma"]
[Site "Rome ITA"]
[Date "1985.02.??"]
[Round "2"]
[White "Sax, Gyula"]
[Black "Arlandi, Ennio"]
[Result "1-0"]
[WhiteElo "2565"]
[BlackElo "2310"]
[EventDate "1985.02.16"]
[PlyCount "77"]

1.e4 e5 2.Nf3 Nf6 3.Nxe5 d6 4.Nf3 Nxe4 5.d4 d5 6.Bd3 Be7 7.O-O Nc6 8.Re1 
Bg4 9.c3 f5 10.Qb3 O-O 11.Nbd2 Kh8 12.Qxb7 Rf6 13.Qb3 Rb8 14.Qa4 Bd6 15.h3
Bh5 16.Be2 Be8 17.Qc2 Rg6 18.Nf1 Bd7 19.Ne3 Be6 20.Bf1 f4 21.Nc4 Bxh3 22.
Rxe4 dxe4 23.Qxe4 Qd7 24.Nxd6 cxd6 25.Bxf4 Bf5 26.Qd5 Ne7 27.Qa5 Rxb2 28.
Re1 Re6 29.Rxe6 Bxe6 30.c4 Bg8 31.Qa3 Rb6 32.d5 Nc8 33.Bd3 Qb7 34.Qc3 Rb2 
35.Bh6 Rxa2 36.Nh4 Ra3 37.Qxa3 gxh6 38.Nf5 Bf7 39.Qc3+ 1-0

[Event "9th Banco di Roma"]
[Site "Rome ITA"]
[Date "1985.02.??"]
[Round "2"]
[White "Tatai, Stefano"]
[Black "Bellon Lopez, Juan Manuel"]
[Result "1/2-1/2"]
[WhiteElo "2475"]
[BlackElo "2445"]
[EventDate "1985.02.16"]
[PlyCount "96"]

1.d4 Nf6 2.c4 c5 3.d5 b5 4.cxb5 a6 5.e3 g6 6.Nc3 Bg7 7.a4 O-O 8.Nf3 Ne8 9.
Bd2 Bb7 10.Be2 axb5 11.axb5 Rxa1 12.Qxa1 Bxc3 13.bxc3 Bxd5 14.c4 Bb7 15.
Qa7 Qc8 16.Bc3 d6 17.O-O Nd7 18.Ra1 Nc7 19.Nd2 Na8 20.Bf3 Bxf3 21.gxf3 
Nab6 22.Ba5 Qa8 23.Bxb6 Nxb6 24.Ra6 Qxa7 25.Rxa7 Ra8 26.Rxe7 Ra4 27.Re8+ 
Kg7 28.Rd8 Nxc4 29.Nxc4 Rxc4 30.Rxd6 Rb4 31.b6 Rb1+ 32.Kg2 c4 33.Rc6 c3 
34.f4 c2 35.Rxc2 Rxb6 36.Rc5 Kf6 37.h4 Ra6 38.h5 Kg7 39.f5 Kh6 40.hxg6 
hxg6 41.Kg3 gxf5 42.Rxf5 Kg6 43.Kf4 f6 44.Rb5 Ra7 45.Kg4 Re7 46.Rb4 Ra7 
47.f4 Re7 48.e4 Rxe4 1/2-1/2

[Event "9th Banco di Roma"]
[Site "Rome ITA"]
[Date "1985.02.??"]
[Round "2"]
[White "Vera Gonzalez, Reynaldo"]
[Black "Andersson, Ulf"]
[Result "0-1"]
[WhiteElo "2480"]
[BlackElo "2575"]
[EventDate "1985.02.16"]
[PlyCount "80"]

1.e4 c5 2.c3 e6 3.d4 d5 4.exd5 exd5 5.Be3 cxd4 6.Bxd4 Nc6 7.Nf3 a6 8.Be2 
Nxd4 9.Nxd4 Nf6 10.Nd2 Bc5 11.Nf1 O-O 12.Ne3 Re8 13.O-O Qb6 14.Rb1 Bd7 15.
Bf3 Bc6 16.b4 Bxd4 17.Qxd4 Qxd4 18.cxd4 g6 19.g3 Kf8 20.Rfc1 Ke7 21.a4 Kd6
22.Ra1 Rac8 23.a5 Ne4 24.Rc2 Bd7 25.Bxe4 Rxe4 26.Rxc8 Bxc8 27.Rd1 Bd7 28.
Rd2 f5 29.Kg2 f4 30.Nd1 fxg3 31.hxg3 Re1 32.f3 Ba4 33.Nc3 Bb3 34.Rb2 Bc4 
35.Rb1 Re3 36.Rc1 Rd3 37.Na4 Rxd4 38.Nc5 Rd2+ 39.Kh3 Kc6 40.Re1 Re2 0-1

[Event "9th Banco di Roma"]
[Site "Rome ITA"]
[Date "1985.02.??"]
[Round "3"]
[White "Andersson, Ulf"]
[Black "Inkiov, Ventzislav"]
[Result "1/2-1/2"]
[WhiteElo "2575"]
[BlackElo "2480"]
[EventDate "1985.02.16"]
[PlyCount "53"]

1.Nf3 Nf6 2.c4 e6 3.g3 d5 4.d4 dxc4 5.Qa4+ Nbd7 6.Bg2 a6 7.Nc3 Rb8 8.Qxc4 
b5 9.Qd3 Bb7 10.O-O c5 11.dxc5 Bxc5 12.Bf4 Rc8 13.Rad1 O-O 14.Ne5 Bxg2 15.
Kxg2 Nxe5 16.Bxe5 Be7 17.Qf3 Qb6 18.Rd2 b4 19.Bxf6 Bxf6 20.Ne4 Be5 21.Rfd1
h6 22.Qb3 a5 23.f4 Bb8 24.Qf3 Rfd8 25.Rxd8+ Rxd8 26.Qf2 Qc7 27.Rxd8+ 
1/2-1/2

[Event "9th Banco di Roma"]
[Site "Rome ITA"]
[Date "1985.02.??"]
[Round "3"]
[White "Arlandi, Ennio"]
[Black "Gross, Stefan"]
[Result "1-0"]
[WhiteElo "2310"]
[BlackElo "2435"]
[EventDate "1985.02.16"]
[PlyCount "83"]

1.d4 d5 2.c4 dxc4 3.Nf3 a6 4.e3 Bg4 5.Bxc4 e6 6.h3 Bh5 7.Nc3 Nc6 8.O-O Nf6
9.Be2 Bd6 10.b3 O-O 11.Bb2 Qe8 12.Nd2 Bxe2 13.Nxe2 b5 14.a3 e5 15.Qc2 exd4
16.Nxd4 Nxd4 17.Bxd4 Qe7 18.Bxf6 Qxf6 19.Ne4 Qg6 20.Rfc1 Be5 21.Ra2 f5 22.
Nc5 Rf7 23.a4 Raf8 24.axb5 axb5 25.Nd3 Bd6 26.Qc6 b4 27.Qc4 Kh8 28.Ra6 Rf6
29.Nf4 Qe8 30.Ra5 Qe4 31.Nd5 R6f7 32.Ra4 Qe5 33.g3 c5 34.Nf4 Qe7 35.Rd1 g5
36.Ne6 Re8 37.Nxg5 Rg7 38.Rxd6 Qxg5 39.Qxc5 Qh5 40.Qd4 Kg8 41.Rd8 Re7 42.
Raa8 1-0

[Event "9th Banco di Roma"]
[Site "Rome ITA"]
[Date "1985.02.??"]
[Round "3"]
[White "Bellon Lopez, Juan Manuel"]
[Black "Vera Gonzalez, Reynaldo"]
[Result "1/2-1/2"]
[WhiteElo "2445"]
[BlackElo "2480"]
[EventDate "1985.02.16"]
[PlyCount "75"]

1.d4 d5 2.c4 e6 3.Nf3 Nf6 4.Nc3 c6 5.Qb3 Nbd7 6.g3 Be7 7.Bg2 O-O 8.O-O b6 
9.Bg5 Ba6 10.cxd5 cxd5 11.Rac1 b5 12.Nxb5 Rb8 13.a4 Bxb5 14.axb5 a6 15.Rc2
Rxb5 16.Qa2 Ra5 17.Qb1 Bd6 18.Rfc1 Qb8 19.Ne1 Nb6 20.Bxf6 gxf6 21.e3 Bb4 
22.Bf1 Bxe1 23.Rxe1 Rc8 24.Rec1 Rxc2 25.Qxc2 Nc4 26.Bxc4 dxc4 27.Qe2 Ra2 
28.Rxc4 Rxb2 29.Qg4+ Kf8 30.Qh5 Qb7 31.Rc1 Rb1 32.Qc5+ Kg7 33.Rxb1 Qxb1+ 
34.Kg2 Qe4+ 35.Kf1 Qb1+ 36.Kg2 Qe4+ 37.Kg1 Qb1+ 38.Kg2 1/2-1/2

[Event "9th Banco di Roma"]
[Site "Rome ITA"]
[Date "1985.02.??"]
[Round "3"]
[White "Cebalo, Miso"]
[Black "Tatai, Stefano"]
[Result "1-0"]
[WhiteElo "2485"]
[BlackElo "2475"]
[EventDate "1985.02.16"]
[PlyCount "93"]

1.d4 Nf6 2.c4 e6 3.Nc3 Bb4 4.e3 O-O 5.Bd3 d5 6.Ne2 c5 7.cxd5 cxd4 8.exd4 
Nxd5 9.O-O Nc6 10.Bc2 Be7 11.Qd3 g6 12.a3 Bf6 13.Bh6 Bg7 14.Bxg7 Kxg7 15.
Rfd1 Nce7 16.Bb3 Qb6 17.Nxd5 Nxd5 18.Qg3 Rd8 19.Rac1 Bd7 20.Bxd5 exd5 21.
Nf4 Ba4 22.b3 Qxb3 23.Nh5+ Kf8 24.Qe5 Qxd1+ 25.Rxd1 Bxd1 26.Nf6 Bb3 27.
Nxh7+ Kg8 28.Nf6+ Kf8 29.h4 Rac8 30.g4 Rc6 31.h5 gxh5 32.gxh5 Re6 33.Qg5 
Rdd6 34.Nh7+ Ke8 35.Qg8+ Ke7 36.Qf8+ Kd7 37.Qxf7+ Kc6 38.Ng5 Rf6 39.Qe8+ 
Kb6 40.Qe7 Bd1 41.Nf7 Rfe6 42.Qf8 Rc6 43.Nd8 Bxh5 44.Nxe6 Rxe6 45.Qc5+ Ka6
46.Qxd5 Rg6+ 47.Kf1 1-0

[Event "9th Banco di Roma"]
[Site "Rome ITA"]
[Date "1985.02.??"]
[Round "3"]
[White "Yap, Andronico"]
[WhiteElo "2400"]
[Black "Sax, Gyula"]
[Result "0-1"]
[BlackElo "2565"]
[EventDate "1985.02.16"]
[PlyCount "66"]

1.Nf3 Nf6 2.c4 g6 3.d4 Bg7 4.Nc3 O-O 5.e4 d6 6.h3 a6 7.Be3 c6 8.a4 d5 9.e5
Ne4 10.Bd3 Bf5 11.O-O Nxc3 12.bxc3 Bxd3 13.Qxd3 b6 14.Rfb1 Qc7 15.Bf4 Nd7 
16.Qe3 e6 17.Nd2 dxc4 18.Nxc4 b5 19.Nd6 Nb6 20.axb5 cxb5 21.Qf3 Nd5 22.c4 
bxc4 23.Rb7 Qc6 24.Rc1 c3 25.Rcb1 a5 26.R1b6 Qa4 27.Rb5 Qxd4 28.Nxf7 c2 
29.Kh2 Qd1 30.Bh6 Qxf3 31.gxf3 Rxf7 32.Rxf7 Bxh6 33.Rxd5 c1=Q 0-1

[Event "9th Banco di Roma"]
[Site "Rome ITA"]
[Date "1985.02.??"]
[Round "4"]
[White "Arlandi, Ennio"]
[Black "Yap, Andronico"]
[BlackElo "2400"]
[Result "0-1"]
[WhiteElo "2310"]
[EventDate "1985.02.16"]
[PlyCount "44"]

1.d4 Nf6 2.c4 c5 3.d5 e6 4.Nc3 exd5 5.cxd5 d6 6.e4 g6 7.f3 Bg7 8.Bg5 O-O 
9.Nge2 Re8 10.Ng3 Nxe4 11.Ncxe4 Qxg5 12.Bb5 Bd7 13.Bxd7 Nxd7 14.O-O Qe7 
15.Qb3 f5 16.Nf2 b6 17.Rad1 Bd4 18.Rd2 Nf6 19.Ne2 Be3 20.Rd3 Rac8 21.Qd1 
c4 22.Rc3 Rc5 0-1

[Event "9th Banco di Roma"]
[Site "Rome ITA"]
[Date "1985.02.??"]
[Round "4"]
[White "Gross, Stefan"]
[Black "Tatai, Stefano"]
[Result "1-0"]
[WhiteElo "2435"]
[BlackElo "2475"]
[EventDate "1985.02.16"]
[PlyCount "101"]

1.Nf3 d5 2.c4 e6 3.g3 Nf6 4.Bg2 Be7 5.O-O O-O 6.b3 d4 7.e3 c5 8.exd4 cxd4 
9.d3 Nc6 10.Re1 Nd7 11.Na3 e5 12.Nc2 Re8 13.Rb1 a5 14.a3 Rb8 15.b4 axb4 
16.Nxb4 Nxb4 17.axb4 f6 18.Nh4 Nf8 19.f4 Bd6 20.fxe5 Bxe5 21.Bd5+ Be6 22.
Bxe6+ Rxe6 23.Qf3 Qd7 24.b5 b6 25.Ba3 g6 26.Re2 Qf7 27.Rbe1 Rd8 28.Qg2 Qa7
29.Bxf8 Kxf8 30.Qh3 Qf7 31.Nf3 Rde8 32.Kf1 R6e7 33.Re4 Kg8 34.Qg2 Qg7 35.
Qe2 Kf8 36.Kg2 g5 37.h3 h5 38.Nxe5 Rxe5 39.Qxh5 Rxe4 40.dxe4 d3 41.Qf3 d2 
42.Rd1 g4 43.hxg4 Qh6 44.Qd3 Kf7 45.Rxd2 Rxe4 46.Qd5+ Kf8 47.Ra2 Qe3 48.
Qd8+ Re8 49.Qxf6+ Kg8 50.Qg6+ Kh8 51.Qf5 1-0

[Event "9th Banco di Roma"]
[Site "Rome ITA"]
[Date "1985.02.??"]
[Round "4"]
[White "Inkiov, Ventzislav"]
[Black "Bellon Lopez, Juan Manuel"]
[Result "1-0"]
[WhiteElo "2480"]
[BlackElo "2445"]
[EventDate "1985.02.16"]
[PlyCount "99"]

1.Nf3 d5 2.d4 Nf6 3.c4 dxc4 4.Nc3 a6 5.e4 b5 6.e5 Nd5 7.a4 Nxc3 8.bxc3 Qd5
9.g3 Bb7 10.Bg2 Qd7 11.Ba3 e6 12.Bxf8 Kxf8 13.O-O Bd5 14.Nh4 c6 15.Qh5 h6 
16.Bxd5 cxd5 17.axb5 g6 18.Qf3 Kg7 19.Qf6+ Kh7 20.f4 Rg8 21.Ng2 Ra7 22.
bxa6 Qd8 23.Qxd8 Rxd8 24.g4 Rxa6 25.Rxa6 Nxa6 26.f5 gxf5 27.gxf5 Rg8 28.
Ra1 Nc7 29.Ra7 Rc8 30.Nf4 Kg8 31.Rb7 exf5 32.Kf2 Kf8 33.Ke3 Ke8 34.h4 h5 
35.Nxh5 Kd7 36.Rb6 Ra8 37.Nf6+ Kc8 38.Rb1 Ra2 39.h5 Rc2 40.h6 Rxc3+ 41.Kf2
Rh3 42.h7 Ne6 43.Rg1 Rh2+ 44.Rg2 Rxg2+ 45.Kxg2 Nf4+ 46.Kf3 Ng6 47.Nxd5 Kd7
48.Nf4 c3 49.Ke3 Nh8 50.Kd3 1-0

[Event "9th Banco di Roma"]
[Site "Rome ITA"]
[Date "1985.02.??"]
[Round "4"]
[White "Sax, Gyula"]
[Black "Andersson, Ulf"]
[Result "1/2-1/2"]
[WhiteElo "2565"]
[BlackElo "2575"]
[EventDate "1985.02.16"]
[PlyCount "35"]

1.e4 e6 2.d4 d5 3.Nd2 c5 4.Ngf3 Nc6 5.Bb5 cxd4 6.Nxd4 Bd7 7.Nxc6 Bxc6 8.
Qe2 Nf6 9.O-O Be7 10.exd5 Qxd5 11.Bxc6+ Qxc6 12.c4 O-O 13.b3 Rfd8 14.Bb2 
Rd7 15.Nf3 Qe4 16.Rfe1 Qxe2 17.Rxe2 Rad8 18.g3 1/2-1/2

[Event "9th Banco di Roma"]
[Site "Rome ITA"]
[Date "1985.02.??"]
[Round "4"]
[White "Vera Gonzalez, Reynaldo"]
[Black "Cebalo, Miso"]
[Result "1/2-1/2"]
[WhiteElo "2480"]
[BlackElo "2485"]
[EventDate "1985.02.16"]
[PlyCount "82"]

1.d4 Nf6 2.Nf3 e6 3.g3 b5 4.Bg2 Bb7 5.O-O c5 6.Bg5 cxd4 7.Nxd4 Bxg2 8.Kxg2
Qb6 9.Bxf6 gxf6 10.Qd3 Nc6 11.c3 b4 12.Nxc6 Qxc6+ 13.Kg1 h5 14.cxb4 Bxb4 
15.Qd4 Be7 16.Nd2 h4 17.Rac1 Qb6 18.Nf3 hxg3 19.hxg3 Qxd4 20.Nxd4 Rh5 21.
Rc2 Ra5 22.b3 f5 23.e3 Bf6 24.Ne2 Rb8 25.Rd1 Rb7 26.Kf1 Ke7 27.Rdd2 Be5 
28.Nf4 Rc7 29.Rxc7 Bxc7 30.Rc2 Bb6 31.Ke2 d5 32.Kd3 Kd6 33.Ne2 e5 34.Nc3 
d4 35.exd4 Bxd4 36.a4 Bxc3 37.Rxc3 Rd5+ 38.Ke2 a5 39.Rc8 Rc5 40.Rf8 Ke6 
41.Re8+ Kd7 1/2-1/2

[Event "9th Banco di Roma"]
[Site "Rome ITA"]
[Date "1985.02.??"]
[Round "5"]
[White "Andersson, Ulf"]
[Black "Arlandi, Ennio"]
[Result "1-0"]
[WhiteElo "2575"]
[BlackElo "2310"]
[EventDate "1985.02.16"]
[PlyCount "119"]

1.Nf3 d5 2.d4 Nf6 3.c4 e6 4.Bg5 Be7 5.Nc3 O-O 6.e3 Nbd7 7.Rc1 c6 8.Qc2 a6 
9.a3 b5 10.c5 Nh5 11.Bxe7 Qxe7 12.Bd3 g6 13.Ne2 e5 14.dxe5 Nxe5 15.Nxe5 
Qxe5 16.Qc3 Qc7 17.O-O Ng7 18.e4 dxe4 19.Bxe4 Bf5 20.Bf3 Rfe8 21.Ng3 Re6 
22.Rfe1 Rd8 23.Red1 Rde8 24.h3 h5 25.Re1 h4 26.Rxe6 Rxe6 27.Nxf5 Nxf5 28.
Rd1 Kh7 29.b4 Qe7 30.Kf1 Qc7 31.Kg1 Qe7 32.Bg4 Re5 33.Kf1 Qf6 34.Bf3 Qe6 
35.Kg1 Ne7 36.Qd4 Nf5 37.Qc3 Ne7 38.Rd6 Qf5 39.Rd4 g5 40.Qd3 Qxd3 41.Rxd3 
Re1+ 42.Kh2 Kg7 43.Rd7 Kf6 44.Ra7 Re6 45.Bg4 Nf5 46.Bxf5 Kxf5 47.Rxf7+ Ke4
48.Ra7 Kd5 49.g3 Rf6 50.Kg2 Kc4 51.Rxa6 Kb3 52.Ra8 Kb2 53.f3 Kb3 54.Kf2 
Kb2 55.gxh4 gxh4 56.Re8 Kxa3 57.Re4 Rh6 58.f4 Kb3 59.f5 Kc3 60.Kf3 1-0

[Event "9th Banco di Roma"]
[Site "Rome ITA"]
[Date "1985.02.??"]
[Round "5"]
[White "Bellon Lopez, Juan Manuel"]
[Black "Sax, Gyula"]
[Result "1-0"]
[WhiteElo "2445"]
[BlackElo "2565"]
[EventDate "1985.02.16"]
[PlyCount "51"]

1.e4 c5 2.Nf3 d6 3.d4 Nf6 4.Nc3 cxd4 5.Nxd4 a6 6.f4 e6 7.Bd3 Nc6 8.Be3 Qc7
9.Nb3 b5 10.Qe2 Bb7 11.O-O-O Nb4 12.Kb1 d5 13.e5 Nd7 14.Rhf1 Nxd3 15.cxd3 
b4 16.Na4 Qc6 17.Nac5 Nxc5 18.Bxc5 Bxc5 19.Rc1 O-O 20.Nxc5 d4 21.Rc4 b3 
22.Nxb3 Qxg2 23.Qxg2 Bxg2 24.Rfc1 f6 25.Rc7 fxe5 26.Rg1 1-0

[Event "9th Banco di Roma"]
[Site "Rome ITA"]
[Date "1985.02.??"]
[Round "5"]
[White "Cebalo, Miso"]
[Black "Inkiov, Ventzislav"]
[Result "1/2-1/2"]
[WhiteElo "2485"]
[BlackElo "2480"]
[EventDate "1985.02.16"]
[PlyCount "70"]

1.c4 e6 2.d4 Nf6 3.Nc3 d5 4.Bg5 Be7 5.cxd5 exd5 6.e3 c6 7.Bd3 Nbd7 8.Qc2 
O-O 9.Nge2 Re8 10.h3 Nf8 11.O-O-O b5 12.Kb1 a5 13.g4 a4 14.Ng3 Qa5 15.Nce2
Bd7 16.Bf5 b4 17.Qd2 g6 18.Bxd7 N8xd7 19.Rc1 Rac8 20.Nf4 Nb6 21.Rhd1 Nc4 
22.Qe2 Qb5 23.h4 Bd6 24.h5 Ne4 25.Nxe4 Rxe4 26.Qd3 b3 27.a3 Rce8 28.hxg6 
fxg6 29.Rc3 Bxf4 30.Bxf4 Rxf4 31.exf4 Re2 32.Kc1 Rxb2 33.Rxc4 dxc4 34.Qe4 
Rc2+ 35.Kb1 c3 1/2-1/2

[Event "9th Banco di Roma"]
[Site "Rome ITA"]
[Date "1985.02.??"]
[Round "5"]
[White "Tatai, Stefano"]
[Black "Vera Gonzalez, Reynaldo"]
[Result "1/2-1/2"]
[WhiteElo "2475"]
[BlackElo "2480"]
[EventDate "1985.02.16"]
[PlyCount "74"]

1.d4 d5 2.c4 e6 3.Nc3 c5 4.cxd5 exd5 5.Nf3 Nc6 6.g3 Nf6 7.Bg2 Be7 8.O-O 
O-O 9.Bg5 cxd4 10.Nxd4 h6 11.Be3 Bg4 12.Qa4 Qd7 13.Rfe1 Bh3 14.Bh1 Rfe8 
15.Rad1 a6 16.a3 Bf8 17.Nc2 Re5 18.Bd4 Nxd4 19.Qxd4 Qe8 20.Ne3 Ne4 21.b4 
Nxc3 22.Qxc3 a5 23.Rxd5 Rxd5 24.Nxd5 axb4 25.Nxb4 Ra7 26.Bd5 b6 27.Qf3 Be6
28.Bxe6 Qxe6 29.Rd1 Qc4 30.Rd3 Bxb4 31.axb4 Qxb4 32.Rd8+ Kh7 33.Qf5+ g6 
34.Qf6 Qb1+ 35.Kg2 Qe4+ 36.Kg1 Qb1+ 37.Kg2 Qe4+ 1/2-1/2

[Event "9th Banco di Roma"]
[Site "Rome ITA"]
[Date "1985.02.??"]
[Round "5"]
[White "Yap, Andronico"]
[WhiteElo "2400"]
[Black "Gross, Stefan"]
[Result "1-0"]
[BlackElo "2435"]
[EventDate "1985.02.16"]
[PlyCount "113"]

1.Nf3 Nf6 2.c4 c5 3.Nc3 e6 4.g3 Nc6 5.d4 d5 6.Bg2 dxc4 7.Qa4 cxd4 8.Nxd4 
Qxd4 9.Bxc6+ Bd7 10.Be3 Bxc6 11.Qxc6+ bxc6 12.Bxd4 c5 13.Bxf6 gxf6 14.
O-O-O Rb8 15.Ne4 Be7 16.Kc2 f5 17.Nd6+ Bxd6 18.Rxd6 O-O 19.Ra6 Rb7 20.Ra4 
Rfb8 21.Rb1 Rd8 22.Rxc4 Rbd7 23.Kc3 Rd2 24.Re1 R2d5 25.Rc1 R8d7 26.b3 Kg7 
27.Rc2 Kf6 28.Kb2 Rc7 29.Kc1 Ke7 30.Rh4 a5 31.Rxh7 a4 32.Rh4 axb3 33.axb3 
Ra7 34.Kb2 Kd6 35.Rhc4 Ra5 36.h4 Rd1 37.Rc1 Rd2+ 38.R4c2 Rd4 39.h5 Rb4 40.
h6 Rab5 41.Rc3 c4 42.Rxc4 Rxb3+ 43.Kc2 Rb8 44.Rh1 Ke5 45.h7 Rb2+ 46.Kd3 
R2b3+ 47.Rc3 Rd8+ 48.Kc2 Rbb8 49.Rh6 Rf8 50.Kd3 Kd6 51.Ke3 Rh8 52.Kf4 f6 
53.Ra3 Rb4+ 54.Kf3 Rb7 55.Rxf6 Re7 56.Rh6 Kd5 57.Ra5+ 1-0

[Event "9th Banco di Roma"]
[Site "Rome ITA"]
[Date "1985.02.??"]
[Round "6"]
[White "Arlandi, Ennio"]
[Black "Bellon Lopez, Juan Manuel"]
[Result "1-0"]
[WhiteElo "2310"]
[BlackElo "2445"]
[EventDate "1985.02.16"]
[PlyCount "121"]

1.d4 Nf6 2.c4 c5 3.d5 b5 4.cxb5 a6 5.e3 g6 6.Nc3 Bg7 7.a4 O-O 8.Bc4 d6 9.
Nge2 axb5 10.Bxb5 Ba6 11.O-O Nfd7 12.Bd2 Nb6 13.Nf4 Nc4 14.Qe2 Nxd2 15.
Qxd2 Qa5 16.Ra3 Ra7 17.Rb1 Rb7 18.Qe2 Rc8 19.Qc4 Rb6 20.Nfe2 Qb4 21.Qa2 
Rc7 22.Nc1 c4 23.N1e2 Qa5 24.Nd4 Bxd4 25.exd4 Nd7 26.b4 cxb3 27.Rbxb3 Nf6 
28.Bxa6 Qxa6 29.h3 Rcb7 30.Rb5 Ne8 31.Rab3 Nc7 32.Rxb6 Rxb6 33.Qb2 Na8 34.
Rb5 Kf8 35.a5 Rxb5 36.Qxb5 Qa7 37.Qb4 Ke8 38.Na4 Kd8 39.Kh2 h5 40.Nb6 Qb7 
41.Qb5 h4 42.Kg1 g5 43.Kh2 f6 44.g3 f5 45.Qc6 Qxc6 46.dxc6 Nc7 47.d5 e6 
48.dxe6 Ke7 49.f4 hxg3+ 50.Kxg3 gxf4+ 51.Kxf4 Nxe6+ 52.Kxf5 Nd4+ 53.Ke4 
Nxc6 54.a6 Kd8 55.h4 Kc7 56.Nd5+ Kb8 57.h5 Ne5 58.Kf5 Nf7 59.Ke6 Nh6 60.
Kxd6 Ka7 61.Nb4 1-0

[Event "9th Banco di Roma"]
[Site "Rome ITA"]
[Date "1985.02.??"]
[Round "6"]
[White "Gross, Stefan"]
[Black "Vera Gonzalez, Reynaldo"]
[Result "1/2-1/2"]
[WhiteElo "2435"]
[BlackElo "2480"]
[EventDate "1985.02.16"]
[PlyCount "82"]

1.Nf3 d5 2.c4 e6 3.g3 c6 4.Qc2 b5 5.cxb5 cxb5 6.d4 Bd7 7.Bg2 Nf6 8.O-O Nc6
9.Bf4 Rc8 10.Qd1 Qb6 11.Nc3 Be7 12.e3 O-O 13.Ne5 Na5 14.Bg5 Rfd8 15.Ng4 b4
16.Ne2 Nxg4 17.Bxe7 Re8 18.Bc5 Qb8 19.Nf4 Nf6 20.b3 Ne4 21.Bxe4 dxe4 22.
Qg4 f5 23.Qg5 Kh8 24.Nh5 Rg8 25.Qe7 Qb7 26.Rfc1 Nc6 27.Qh4 Be8 28.Qh3 Bxh5
29.Qxh5 a5 30.Qe2 Rge8 31.Rc2 e5 32.Rd1 Red8 33.Rcd2 Rd5 34.Qc4 Rcd8 35.
Qc2 h6 36.Kg2 Kh7 37.dxe5 Nxe5 38.Rxd5 Rxd5 39.Rxd5 Qxd5 40.Bd4 Nf3 41.Qc5
Qf7 1/2-1/2

[Event "9th Banco di Roma"]
[Site "Rome ITA"]
[Date "1985.02.??"]
[Round "6"]
[White "Inkiov, Ventzislav"]
[Black "Tatai, Stefano"]
[Result "1/2-1/2"]
[WhiteElo "2480"]
[BlackElo "2475"]
[EventDate "1985.02.16"]
[PlyCount "33"]

1.e4 c5 2.Nf3 d6 3.d4 cxd4 4.Nxd4 Nf6 5.Nc3 a6 6.Bc4 e6 7.Bb3 b5 8.O-O Be7
9.f4 Bb7 10.Be3 Nc6 11.f5 Nxd4 12.Qxd4 e5 13.Qd3 Rc8 14.Nd5 Bxd5 15.Bxd5 
Nxd5 16.exd5 Qc7 17.c3 1/2-1/2

[Event "9th Banco di Roma"]
[Site "Rome ITA"]
[Date "1985.02.??"]
[Round "6"]
[White "Sax, Gyula"]
[Black "Cebalo, Miso"]
[Result "1/2-1/2"]
[WhiteElo "2565"]
[BlackElo "2485"]
[EventDate "1985.02.16"]
[PlyCount "122"]

1.e4 c5 2.Nf3 Nc6 3.d4 cxd4 4.Nxd4 g6 5.c4 Bg7 6.Be3 Nf6 7.Nc3 O-O 8.Be2 
b6 9.O-O Bb7 10.f3 d6 11.Qd2 Nxd4 12.Bxd4 Nd7 13.Be3 a5 14.Rac1 Nc5 15.Qe1
Qd7 16.b3 Kh8 17.Qd2 Bc6 18.Rb1 Kg8 19.a3 Rfb8 20.b4 axb4 21.axb4 Na4 22.
Nxa4 Rxa4 23.b5 Ba8 24.c5 bxc5 25.Bxc5 Qe6 26.Bf2 Ra2 27.Qd3 d5 28.Bd1 Ra5
29.Qe2 dxe4 30.Bb3 exf3 31.Qxe6 fxe6 32.Rfd1 fxg2 33.Bxe6+ Kh8 34.b6 Bf6 
35.Bh3 Bf3 36.Rdc1 Ra2 37.Rc8+ Rxc8 38.Bxc8 Be5 39.b7 Kg7 40.Bh3 Bb8 41.
Re1 e5 42.Bxg2 Bxg2 43.Kxg2 Ba7 44.Ra1 Rxf2+ 45.Kg3 Rb2 46.Rxa7 Rb3+ 47.
Kg4 Rb4+ 48.Kg3 Kf6 49.b8=Q Rxb8 50.Rxh7 Kf5 51.h4 Rb3+ 52.Kf2 Rb2+ 53.Kg3
Rb3+ 54.Kf2 Kg4 55.Rh6 Rb6 56.Ke3 Kf5 57.h5 Rb3+ 58.Kf2 g5 59.Rh8 Kg4 60.
h6 Rf3+ 61.Kg2 Rg3+ 1/2-1/2